Statistics for Pairs #34 (Music Edition)

Click here to take the quiz!

General Stats

  • This quiz has been taken 15 times
  • The average score is 13 of 25

Answer Stats

HintAnswer% Correct
Lady GagaBradley Cooper
86%
Florencethe Machine
86%
IkeTina Turner
86%
Elton JohnKiki Dee
79%
Aretha FranklinGeorge Michael
71%
Herb Alpertthe Tijuana Brass
71%
NiceSmooth
64%
The Farmerthe Cowman
64%
Barbra StreisandDonna Summer
57%
Eddiethe Hot Rods
57%
JamesBobby Purify
50%
Archie Bellthe Drells
50%
WatchingWaiting
50%
Sam SmithKim Petras
43%
Dannythe Juniors
43%
Carter-Lewisthe Southerners
43%
Marilyn McCooBilly Davis, Jr.
36%
Patti AustinJames Ingram
36%
K-CiJoJo
36%
DavidJonathan
29%
Garythe Hornets
29%
Cat Motherthe All Night Newsboys
21%
Randythe Rainbows
21%
Venusthe Razorblades
21%
Barrythe Tamerlanes
21%

Score Distribution

Percentile by Number Answered

Percent of People with Each Score

Your Score History

You have not taken this quiz